00408cam a22001217a 4500008004000000020001500040082001300055100002100068245012200089260003400211300001000245650003100255180718b1993 xxu||||| |||| 00| 0 eng d a0932088791 aC41 M136 aMcColm, R. Bruce aFreedom in the world: the annual survey of political rights and civil liberties, 1992-1993cby R. Bruce McColm et.al. aNew YorkbFreedom Housec1993 a637p. aCivil rights - Periodicals